Normal view MARC view
  • Bhattacharya A.B

Entry Personal Name

Number of records used in: 2

001 - CONTROL NUMBER

  • control field: 192408

003 - CONTROL NUMBER IDENTIFIER

  • control field: OSt

005 - DATE AND TIME OF LATEST TRANSACTION

  • control field: 20230714213938.0

008 - FIXED-LENGTH DATA ELEMENTS

  • fixed length control field: 230714|| aca||aabn | a|a d

040 ## - CATALOGING SOURCE

  • Original cataloging agency: OSt
  • Transcribing agency: OSt

100 ## - HEADING--PERSONAL NAME

  • Personal name: Bhattacharya A.B

670 ## - SOURCE DATA FOUND

  • Source citation: Work cat.: (OSt)204137: Bhattacharya A.B., Compact Mosfet Models For VLSI Design, 2009